| 000 | 00000nam##2200000za#4500 |
| 001 | 9.697870 |
| 003 | CaOODSP |
| 005 | 20210624235655 |
| 007 | cr ||||||||||| |
| 008 | 150407|1980||||xxc|||||o f|0| 0 eng|d |
| 040 | |aCaOODSP|beng |
| 043 | |an-cn--- |
| 086 | 1 |aA73-1689/1980E-PDF |
| 110 | 1 |aCanada.|bAgriculture Canada. |bFood Advisory Division. |
| 245 | 10|aFood and nutrition in day care centers |h[electronic resource] |
| 260 | |aOttawa - Ontario : |bAgriculture Canada. |cc1980 (1981 printing). |
| 300 | |a32p.|bcoloured illus., figs., tables |
| 500 | |aHistorical publication digitized by Agriculture and Agri-Food Canada. "A federal/provincial publication, Canada/Manitoba"--p. 3 of 32. |
| 590 | |a13-17-Supp|b2013-07-25 |
| 690 | 07|aChildren|2gcpds |
| 690 | 07|aDaycare|2gcpds |
| 690 | 07|aNutrition|2gcpds |
| 690 | 07|aFood|2gcpds |
| 710 | 2 |aManitoba Department of Health. |
| 775 | 08|tGuide d'alimentation pour les garderies |w(CaOODSP)9.642190 |
| 856 | 40|ahttp://publications.gc.ca|qPDF|s1.65 MB|uhttps://publications.gc.ca/collections/collection_2013/aac-aafc/agrhist/A73-1689-1980-eng.pdf |
| 986 | |a1689 |